000 00545nam a2200193 i 4500
001 55726
003 ES-MaACL
005 20250710062721.0
007 t|
008 030925s1958 fr ||||1| fre d
100 1 _aDevaux, Pierre.
_943994
245 1 0 _aHistoire de l'electricité /
_cpar Pierre Devaux.
260 _aParis :
_bPresses Universitaires de France,
_c1958.
300 _a126 p. ;
_c18 cm.
490 1 _aQue sais-je? ;
_v7
830 0 0 _aQue sais-je?
_v7
_9180931
852 _aES-MaACL
_jC-15267
_bR.43277
999 _c55726
_d55726